MARC details
| 000 -LEADER |
| fixed length control field |
01570cab a2200409 4500 |
| 001 - CONTROL NUMBER |
| control field |
##L132016 |
| 008 - FIXED-LENGTH DATA ELEMENTS--GENERAL INFORMATION |
| fixed length control field |
051221n2005 000 0 eng u |
| 035 ## - SYSTEM CONTROL NUMBER |
| System control number |
(Sirsi) u132016 |
| 041 0# - LANGUAGE CODE |
| Language code of text/sound track or separate title |
eng |
| 100 1# - MAIN ENTRY--PERSONAL NAME |
| Personal name |
Murdoch, Sandi |
| 245 00 - TITLE STATEMENT |
| Title |
Christmas medley |
| 260 ## - PUBLICATION, DISTRIBUTION, ETC. |
| Date of publication, distribution, etc. |
2005 |
| 490 #0 - SERIES STATEMENT |
| Series statement |
Estates Gazette |
| Volume/sequential designation |
(0550) 17 December 2005, 88-89(2) |
| 520 ## - SUMMARY, ETC. |
| Summary, etc. |
Reviews the key cases determined in 2005 covering human rights and adverse possession, assignment and subletting, the Landlord and Tenant 1954, residential tenancies, agency and valuers and surveyors. |
| 590 ## - LOCAL NOTE (RLIN) |
| Local note |
IKA030106 |
| 650 24 - SUBJECT ADDED ENTRY--TOPICAL TERM |
| Topical term or geographic name entry element |
LANDLORD AND TENANT ACT 1954 |
| 650 24 - SUBJECT ADDED ENTRY--TOPICAL TERM |
| Topical term or geographic name entry element |
BEAULANE PROPERTIES LTD V PALMER |
| 650 24 - SUBJECT ADDED ENTRY--TOPICAL TERM |
| Topical term or geographic name entry element |
AVONRIDGE PROPERTY CO LTD V MASHRU |
| 650 24 - SUBJECT ADDED ENTRY--TOPICAL TERM |
| Topical term or geographic name entry element |
CLEAR CHANNEL UK LTD V MANCHESTER CITY COUNCIL |
| 650 24 - SUBJECT ADDED ENTRY--TOPICAL TERM |
| Topical term or geographic name entry element |
CHRISTIE OWEN AND DAVIES PLC V RYELANCE |
| 650 24 - SUBJECT ADDED ENTRY--TOPICAL TERM |
| Topical term or geographic name entry element |
CRESTFORT LTD V TESCO STORES LTD |
| 650 24 - SUBJECT ADDED ENTRY--TOPICAL TERM |
| Topical term or geographic name entry element |
DACRE SON AND HARTLEY LTD V NORTH YORKSHIRE TRADING STANDARDS |
| 650 24 - SUBJECT ADDED ENTRY--TOPICAL TERM |
| Topical term or geographic name entry element |
FELBER JUCKER AND CO LTD V SABRELEAGUE LTD |
| 650 24 - SUBJECT ADDED ENTRY--TOPICAL TERM |
| Topical term or geographic name entry element |
FOXTON LTD V THESLEFF AND ANOTHER |
| 650 24 - SUBJECT ADDED ENTRY--TOPICAL TERM |
| Topical term or geographic name entry element |
HAREFORD LTD V BARNET LBC |
| 650 24 - SUBJECT ADDED ENTRY--TOPICAL TERM |
| Topical term or geographic name entry element |
J A PYE (OXFORD) LTD V GRAHAM |
| 650 24 - SUBJECT ADDED ENTRY--TOPICAL TERM |
| Topical term or geographic name entry element |
PYE (OXFORD) LTD & ANOR V UNITED KINGDOM |
| 650 24 - SUBJECT ADDED ENTRY--TOPICAL TERM |
| Topical term or geographic name entry element |
MAURICE AND OTHERS V HOLLO-WARE PRODUCTS LTD |
| 650 24 - SUBJECT ADDED ENTRY--TOPICAL TERM |
| Topical term or geographic name entry element |
NCR LTD V RIVERLAND PORTFOLIO NO 1 LTD |
| 650 24 - SUBJECT ADDED ENTRY--TOPICAL TERM |
| Topical term or geographic name entry element |
SMITH V ERIC S BUSH (A FIRM) |
| 650 24 - SUBJECT ADDED ENTRY--TOPICAL TERM |
| Topical term or geographic name entry element |
SMITH V TITANATE LTD |
| 650 24 - SUBJECT ADDED ENTRY--TOPICAL TERM |
| Topical term or geographic name entry element |
STAGHOLD V TAKEDA |
| 650 24 - SUBJECT ADDED ENTRY--TOPICAL TERM |
| Topical term or geographic name entry element |
WILSON V D M HALL AND SONS |
| 690 ## - LOCAL SUBJECT ADDED ENTRY--TOPICAL TERM (OCLC, RLIN) |
| Topical term or geographic name as entry element |
PROPERTY |
| 700 1# - ADDED ENTRY--PERSONAL NAME |
| Personal name |
Murdoch, John |
| 942 ## - ADDED ENTRY ELEMENTS (KOHA) |
| Suppress in OPAC |
0 |